01414nam a2200325 a 4500001000400000003001000004005001700014008004100031020001800072040002500090080001900115090002800134100003700162245011900199250003200318260003800350300002400388504002500412650002700437650002200464650003200486650002300518650002600541942001200567952012400579952012400703952012400827952012400951999001301075356BR-CuiBMT20231101215118.0231101s2019 mgba 000 0 por d a9788545006329 aBR-CuiBMTcBR-CuiBMT 22007a35.078.3 a35.078.3bG934cc4. ed.1 aGuerra, Evandro Martins,d1966- 0 aControle externo da administração pública /cEvandro Martins Guerra ; prefácio, Carlos Pinto Coelho Motta. a4. ed., rev. ampl. e atual. aBelo Horizonte :bFórum.c2019. a345 p.:bil.c22 cm aInclui bibliografia. aDireito administrativo aControles externo aAdministração pública aDireito financeiro aOrçamento público 2udccLV 00102udc4070aBIBTCEMTbBIBTCEMTd2023-11-01l0o35.078.3 G934cpBIBTCEMT23110034r2023-11-01tEx. 1w2023-11-01yLV 00102udc4070aBIBTCEMTbBIBTCEMTd2023-11-01l0o35.078.3 G934cpBIBTCEMT23110036r2023-11-01tEx. 2w2023-11-01yLV 00102udc4070aBIBTCEMTbBIBTCEMTd2023-11-01l0o35.078.3 G934cpBIBTCEMT23110038r2023-11-01tEx. 3w2023-11-01yLV 00102udc4070aBIBTCEMTbBIBTCEMTd2023-11-01l0o35.078.3 G934cpBIBTCEMT23110041r2023-11-01tEx. 4w2023-11-01yLV c356d356